00282 2200133 4500001002100000005001500021035002000036245003800056300000700094260001500101082000800116084001200124990001200136INLIS00000000000210020250527100531 a0010-0525000392 aNusakambangan /cM. Unggul wibowo a93 bMGW,c2001 a813 a813 NUS a0712502